000 00795nam a2200253Ia 4500
003 OSt
005 20220923222753.0
006 a|||||r|||| 00| 0
007 ta
008 220922b |||||||| |||| 00| 0 hin d
024 _a207,692
037 _cTextual
040 _aARTS
_cARTS
_bhin
041 _2hin
_ahin
082 _aO152,3NNA,HA, M0
100 _aनारंग, एस डी
245 0 _aहिप्पी और योगी
246 _apunpī aur yogī
260 _aनई दिल्ली
_b हिन्दी बुक सेन्टर
_c1980
300 _a218पृ.
_ccm.
650 _aहिन्दी साहित्य
_9156264
942 _hO152,3NNA,HA, M0
_cTEXL
_2CC
999 _c358309
_d358309